| 000 | 00968nam a2200289Ia 4500 | ||
|---|---|---|---|
| 003 | OSt | ||
| 005 | 20221007122400.0 | ||
| 006 | a|||||r|||| 00| 0 | ||
| 007 | ta | ||
| 008 | 221006b |||||||| |||| 00| 0 eng d | ||
| 020 | _a9780470248836 (hbd) | ||
| 024 | _a83532 | ||
| 037 |
_b347, 26/12/2009, Ashutosh Technical Books _cTextbook |
||
| 040 |
_aPAPL _cPAPL _beng |
||
| 041 |
_2eng _aeng |
||
| 082 | _aC21:(D), P8 Carpa | ||
| 100 |
_aLee Yoon S _9714164 |
||
| 245 | 0 | _aSelf-assembly and nanotechnology:a force balance approach | |
| 260 |
_aNew _bJersey Wiley _c2008 |
||
| 300 |
_axvi, 344p. _ccm. |
||
| 500 | _aIncludes bibliographical references.; Index 335-344p. | ||
| 650 |
_a Nanostructured materials-design _9714165 |
||
| 650 |
_a Nanotechnology _9436565 |
||
| 650 |
_aNanotechnology _9436565 |
||
| 942 |
_hC21:(D), P8 Carpa _cTB _2CC |
||
| 999 |
_c1210250 _d1210250 |
||